000 00625cam a22002053a 4500
001 36322
003 PGUSA
005 20140828083803.0
008 110604s2011||||xxu|||||s|||||000 | eng d
040 _aPGUSA
_beng
042 _adc
100 1 _aPatchin, Frank Gee,
_d1861-1925
245 1 4 _aThe Battleship Boys at Sea; Or, Two Apprentices in Uncle Sam's Navy
_h[electronic resource] /
_cFrank Gee Patchin
260 _bProject Gutenberg,
_c2011
506 _aPublic domain in the USA.
516 _aElectronic text
830 0 _aProject Gutenberg
_v36322
856 4 0 _uhttp://www.gutenberg.org/ebooks/36322
942 _cEB
999 _c265577
_d265577